000 00384nam a2200133Ia 4500
005 20260326235506.0
008 260326s9999||||xx |||||||||||||| ||und||
100 _aTobón Botero, Néstor
245 0 _aArquitectura de la Colonización antioqueña - Tomo 2 /
_cNéstor Tobón Botero
260 _bVillegas Editores
300 _a170 p.
650 _aARQUITECTURA REGIONAL
942 _cBK
999 _c8179
_d8179